| 000 | 00978nam a2200253Ia 4500 | ||
|---|---|---|---|
| 003 | OSt | ||
| 005 | 20220918112041.0 | ||
| 006 | a|||||r|||| 00| 0 | ||
| 007 | ta | ||
| 008 | 220915b |||||||| |||| 00| 0 hin d | ||
| 024 | _a188453 | ||
| 037 | _cTextbook | ||
| 040 |
_bhin _aARTS _cARTS |
||
| 041 | _ahin | ||
| 082 | _aO152,1J:g(/\:8), K3 | ||
| 100 | _aउपाध्याय, विश्वम्भरनाथ | ||
| 245 | 0 | _aमध्यकालीन हिन्दी काव्य की तांत्रिक पृष्ठभूमि | |
| 246 | _aMadhyakālīn hindī kāvya kī tāantrik pṛuṣhṭhabhūmi | ||
| 260 |
_aइलाहाबाद _bसाहित्य भवन भारत _c1963 |
||
| 300 |
_a344 पृ0 _ccm. |
||
| 650 | _aहिन्दी साहित्य | ||
| 942 |
_hO152,1J:g(/\:8), K3 _cTB _2CC |
||
| 999 |
_c118088 _d118088 |
||